000
00239nam a2200085Ia 4500
245
0
_a
Soccer practice games
100
_a
LUXBACHER, Joe Champaign, IL, 2003 2nd ed
_9
82545
942
_c
BK
008
210817s9999 xx 000 0 und d
999
_c
298644
_d
298644